000 00461nam a2200157 a 4500
082 _a621
_bMEC
_cL-13, P-84
100 1 _aGreenwood, Douglas C.
_940529
245 1 _aMechanical details for product design
260 _aNew York :
_bMcGraw-Hill Book Company ,
_c1964
300 _a341p.
526 _a0
_b0
_c0
_d621_000000000000000_MEC
650 _aEngineering Design
_919438
650 0 _aMCE
_9379
650 0 _aProduction Engineering
_92471
942 _2ddc
_cBK
999 _c545248
_d545248